00383nam a2200157 a 45000010005000000030009000050080041000140400028000550820018000831000018001012450018001192600030001373000010001674900029001776500019002064042CO-ViMGA141112s2004 ck r 000 u spa d aCO-ViMGAbspacCO-ViMGA04a823.914 S267c1 aScott, Carter10aLos cátaros a(Madrid) : bM.E., c1996 a191 p aEnigma de la historia, 514aNOVELA INGLESA